MARC details
| 000 -CABECERA |
| campo de control de longitud fija |
02235cam a2200301 i 4500 |
| 001 - NÚMERO DE CONTROL |
| campo de control |
991107471733706196 |
| 005 - FECHA Y HORA DE LA ÚLTIMA TRANSACCIÓN |
| campo de control |
20250616104817.0 |
| 008 - DATOS DE LONGITUD FIJA--INFORMACIÓN GENERAL |
| campo de control de longitud fija |
240903t20252025enkafo g b 001 0 eng d |
| 020 ## - NÚMERO INTERNACIONAL ESTÁNDAR DEL LIBRO |
| Número Internacional Estándar del Libro |
9780241740811 |
| 035 ## - NÚMERO DE CONTROL DEL SISTEMA |
| Número de control de sistema |
(OCoLC)1493142584 |
| Número de control cancelado/no válido |
(OCoLC)1453336963 |
| 035 ## - NÚMERO DE CONTROL DEL SISTEMA |
| Número de control de sistema |
(OCoLC)on1493142584 |
| 040 ## - FUENTE DE LA CATALOGACIÓN |
| Centro catalogador/agencia de origen |
UKHUL |
| Lengua de catalogación |
eng |
| Normas de descripción |
rda |
| Centro/agencia transcriptor |
UKHUL |
| Centro/agencia modificador |
OCLCO |
| -- |
YDX |
| -- |
DHA |
| -- |
CaOTSTM |
| 041 ## - CÓDIGO DE LENGUA |
| Código de lengua del texto/banda sonora o título independiente |
eng |
| 050 #4 - SIGNATURA TOPOGRÁFICA DE LA BIBLIOTECA DEL CONGRESO |
| Número de clasificación |
DD256.5 |
| Número de documento/Ítem |
.R44 2025 |
| 100 ## - ENTRADA PRINCIPAL--NOMBRE DE PERSONA |
| Nombre de persona |
Rees, Laurence, |
| Término indicativo de función/relación |
author. |
| 9 (RLIN) |
25432 |
| 245 04 - MENCIÓN DE TÍTULO |
| Título |
The Nazi mind |
| Resto del título |
: twelve warnings from history |
| Mención de responsabilidad, etc. |
/ Laurence Rees. |
| 246 30 - FORMA VARIANTE DE TÍTULO |
| Título propio/Titulo breve |
Twelve warnings from history. |
| 246 31 - FORMA VARIANTE DE TÍTULO |
| Título propio/Titulo breve |
12 warnings from history. |
| 264 #1 - PRODUCCIÓN, PUBLICACIÓN, DISTRIBUCIÓN, FABRICACIÓN Y COPYRIGHT |
| Producción, publicación, distribución, fabricación y copyright |
London : |
| Nombre del de productor, editor, distribuidor, fabricante |
Viking Penguin, |
| Fecha de producción, publicación, distribución, fabricación o copyright |
2025. |
| 300 ## - DESCRIPCIÓN FÍSICA |
| Extensión |
x, 428 pages, 24 unnumbered pages of plates : |
| Otras características físicas |
illustrations (some colour), photographs ; |
| Dimensiones |
25 cm |
| 520 8# - SUMARIO, ETC. |
| Sumario, etc. |
How could the Nazis have committed the crimes they did? Why did commandants of concentration and death camps willingly – often enthusiastically – oversee mass murder? How could ordinary Germans have tolerated the removal of the Jews? In THE NAZI MIND, bestselling author Laurence Rees combines history and the latest research in psychology to help answer some of the most perplexing questions surrounding the Second World War and the Holocaust. Ultimately, he delves into the darkness to explain how and why these people were capable of committing the worst crime in the history of the world. Rees traces the rise and eventual fall of the Nazis through the lens of ‘twelve warnings’ – from talk about ‘them’ and ‘us’ to the escalation of racism – whilst also highlighting signs to look out for in present day leaders. Rees uses previously unpublished testimony from former Nazis and those who grew up in the Nazi system, and in-depth psychological insights including cutting edge work on obedience, authority and the brain. THE NAZI MIND is a revelatory new way of understanding how so many people committed the most appalling crime of the 20th century -- |
| Fuente proveedora |
provided by publisher. |
| 650 #0 - PUNTO DE ACCESO ADICIONAL DE MATERIA--TÉRMINO DE MATERIA |
| Término de materia o nombre geográfico como elemento de entrada |
National socialism. |
| 9 (RLIN) |
25433 |
| 650 #0 - PUNTO DE ACCESO ADICIONAL DE MATERIA--TÉRMINO DE MATERIA |
| Término de materia o nombre geográfico como elemento de entrada |
National socialism. |
| Subdivisión general |
Psychological aspects. |
| 650 #0 - PUNTO DE ACCESO ADICIONAL DE MATERIA--TÉRMINO DE MATERIA |
| Término de materia o nombre geográfico como elemento de entrada |
Nazis |
| Subdivisión general |
Psychology. |
| 650 #0 - PUNTO DE ACCESO ADICIONAL DE MATERIA--TÉRMINO DE MATERIA |
| Término de materia o nombre geográfico como elemento de entrada |
Nazisme |
| 9 (RLIN) |
25434 |
| 651 #0 - PUNTO DE ACCESO ADICIONAL DE MATERIA--NOMBRE GEOGRÁFICO |
| Nombre geográfico |
Germany |
| Subdivisión general |
History |
| Subdivisión cronológica |
1918-1933. |
| 942 ## - ELEMENTOS DE ENTRADA AGREGADA (KOHA) |
| Fuente del sistema de clasificación o colocación |
Clasificación de Library of Congress |